Songs from the First Line(s) - 1980s Rock - Statistics

General Stats
  • This quiz has been taken 139 times
  • The average score is 26 of 40
Answer Stats
Hint Answer % Correct
Songs Back in black, I hit the sack / I've been too long, I'm glad to be back / Yes, I'm let loose from the noose Artist(s) AC/DC
92%
Songs Doo buh dum ba beh beh / Pressure: pushing down on me / Pressing down on you, no man ask for Artist(s) Queen / David Bowie
92%
Songs Steve walks warily down the street / With the brim pulled way down low / Ain't no sound but the sound of his feet Artist(s) Queen
91%
Songs Back in black, I hit the sack / I've been too long, I'm glad to be back / Yes, I'm let loose from the noose Song Back in Black
89%
Songs Tommy used to work on the docks / Union's been on strike, he's down on his luck / It's tough / So tough Artist(s) Bon Jovi
89%
Songs Shot through the heart and you're to blame / Darling, you give love a bad name / An angel's smile is what you sell Artist(s) Bon Jovi
89%
Songs Just like the white-winged dove / Sings a song / Sounds like she's singin' / Whoo-whoo-whoo Song Edge of Seventeen
88%
Songs Steve walks warily down the street / With the brim pulled way down low / Ain't no sound but the sound of his feet Song Another One Bites the Dust
87%
Songs Just a small-town girl / Livin' in a lonely world / She took the midnight train goin' anywhere / Just a city boy Song Don't Stop Believin'
87%
Songs Just a small-town girl / Livin' in a lonely world / She took the midnight train goin' anywhere / Just a city boy Artist(s) Journey
87%
Songs Doo buh dum ba beh beh / Pressure: pushing down on me / Pressing down on you, no man ask for Song Under Pressure
87%
Songs Every breath you take / And every move you make / Every bond you break / Every step you take / I'll be watching you Song Every Breath You Take
84%
Songs Though I've tried before to tell her / Of the feelings I have for her in my heart / Every time that I come near her Artist(s) The Police
83%
Songs Every breath you take / And every move you make / Every bond you break / Every step you take / I'll be watching you Artist(s) The Police
83%
Songs Tommy used to work on the docks / Union's been on strike, he's down on his luck / It's tough / So tough Song Livin' on a Prayer
82%
Songs I got my first real six-string / Bought it at the five-and-dime / Played it 'til my fingers bled / Was the summer of '69 Song Summer of '69
81%
Songs Shot through the heart and you're to blame / Darling, you give love a bad name / An angel's smile is what you sell Song You Give Love a Bad Name
81%
Songs She's got a smile that it seems to me / Reminds me of childhood memories / Where everything was as fresh as the bright blue sky Artist(s) Guns N' Roses
79%
Songs She's got a smile that it seems to me / Reminds me of childhood memories / Where everything was as fresh as the bright blue sky Song Sweet Child o' Mine
78%
Songs Rising up, back on the street / Did my time, took my chances / Went the distance, now I'm back on my feet Song Eye of the Tiger
76%
Songs We built this city / We built this city on rock and roll / Say you don't know me or recognize my face Song We Built This City
76%
Songs I got my first real six-string / Bought it at the five-and-dime / Played it 'til my fingers bled / Was the summer of '69 Artist(s) Bryan Adams
71%
Songs Rising up, back on the street / Did my time, took my chances / Went the distance, now I'm back on my feet Artist(s) Survivor
68%
Songs We built this city / We built this city on rock and roll / Say you don't know me or recognize my face Artist(s) Starship
53%
Songs Just like the white-winged dove / Sings a song / Sounds like she's singin' / Whoo-whoo-whoo Artist(s) Stevie Nicks
50%
Songs I get up / And nothing gets me down / You got it tough / I've seen the toughest all around / And I know / Baby, just how you feel Song Jump
44%
Songs I get up / And nothing gets me down / You got it tough / I've seen the toughest all around / And I know / Baby, just how you feel Artist(s) Van Halen
43%
Songs Though I've tried before to tell her / Of the feelings I have for her in my heart / Every time that I come near her Song Every Little Thing She Does Is Magic
39%
Songs Born down in a dead man's town / The first kick I took was when I hit the ground / You end up like a dog that's been beat too much Artist(s) Bruce Springsteen
38%
Songs Born down in a dead man's town / The first kick I took was when I hit the ground / You end up like a dog that's been beat too much Song Born in the U.S.A.
37%
Songs Well you're the real tough cookie / With the long history / Of breaking little hearts / Like the one in me / That's OK, Song Hit Me with Your Best Shot
36%
Songs Step inside, walk this way / You and me, babe / Hey, hey / Love is like a bomb, baby, c'mon, get it on Artist(s) Def Leppard
34%
Songs I saw him dancing there by the record machine / I knew he must have been about seventeen / The beat was going strong Song I Love Rock 'n Roll
34%
Songs Step inside, walk this way / You and me, babe / Hey, hey / Love is like a bomb, baby, c'mon, get it on Song Pour Some Sugar on Me
34%
Songs I saw him dancing there by the record machine / I knew he must have been about seventeen / The beat was going strong Artist(s) Joan Jett and the Blackhearts
33%
Songs Ten, nine, eight, seven, six, five, four, three, two, one. / We're leaving together, / But still it's farewell. / And maybe we'll come back Artist(s) Europe
32%
Songs Ten, nine, eight, seven, six, five, four, three, two, one. / We're leaving together, / But still it's farewell. / And maybe we'll come back Song The Final Countdown
32%
Songs See the stone set in your eyes / See the thorn twist in your side / I'll wait for you / Sleight of hand and twist of fate Artist(s) U2
31%
Songs Well you're the real tough cookie / With the long history / Of breaking little hearts / Like the one in me / That's OK, Artist(s) Pat Benatar
30%
Songs See the stone set in your eyes / See the thorn twist in your side / I'll wait for you / Sleight of hand and twist of fate Song With or Without You
30%
No matching quizzes found
Score Distribution
Percent of People with Each Score
Percentile by Number Answered
Your Score History
You have not taken this quiz